[Event "SV Mülheim-Nord 2 - SV Wattenscheid 2"]
[Site "Oberliga NRW 2012/2013"]
[Date "2013.02.17"]
[Round "6.2"]
[White "Rezasade, Amir"]
[Black "Mladenov, Svetlin"]
[Result "0-1"]
[WhiteElo "2302"]
[BlackElo "2377"]
[PlyCount "80"]
[EventDate "2013.??.??"]
[WhiteTeam "SV Mülheim-Nord 2"]
[BlackTeam "SV Wattenscheid 2"]

1. Nf3 c5 2. c4 g6 3. d4 Bg7 4. e4 cxd4 5. Nxd4 Nc6 6. Nc2 Nf6 7. Nc3 d6 8. Be2
Nd7 9. Bd2 Nc5 10. b4 Ne6 11. Rb1 O-O 12. Nd5 Ned4 13. Nxd4 Nxd4 14. Bd3 e6 15.
Ne3 b6 16. O-O Bb7 17. Re1 Rc8 18. a4 Re8 19. a5 bxa5 20. b5 a6 21. Qa4 axb5
22. cxb5 Qh4 23. Nc4 d5 24. Nxa5 dxe4 25. Nxb7 exd3 26. Qd1 Ne2+ 27. Rxe2 dxe2
28. Qxe2 Qd4 29. Bb4 Rb8 30. Nd6 Red8 31. Ne4 Qd3 32. Qxd3 Rxd3 33. Be1 Rbd8
34. Kf1 Rd1 35. Rb3 R8d3 36. Rxd3 Rxd3 37. Ke2 Rb3 38. Nd6 Bf8 39. Ne4 Be7 40.
Nc3 Bb4 0-1

[Event "SV Mülheim-Nord 2 - SV Wattenscheid 2"]
[Site "Oberliga NRW 2012/2013"]
[Date "2013.02.17"]
[Round "6.3"]
[White "Tereick, Benjamin"]
[Black "Zwirs, Nico"]
[Result "1-0"]
[WhiteElo "2373"]
[BlackElo "2248"]
[PlyCount "75"]
[EventDate "2013.??.??"]
[WhiteTeam "SV Wattenscheid 2"]
[BlackTeam "SV Mülheim-Nord 2"]

1. c4 Nf6 2. Nc3 g6 3. e4 d6 4. d4 Bg7 5. h3 O-O 6. Bg5 Nbd7 7. Bd3 e5 8. d5 c6
9. Nge2 Nc5 10. Bc2 a5 11. O-O h6 12. Be3 cxd5 13. cxd5 Bd7 14. a3 Nh5 15. Qd2
Qh4 16. b4 axb4 17. axb4 Rxa1 18. Rxa1 Na6 19. Ba4 Bc8 20. Kh2 f5 21. g3 Qe7
22. exf5 gxf5 23. Bxh6 f4 24. Bxg7 Nxg7 25. Ne4 Bf5 26. Bc2 Bxe4 27. Bxe4 Qg5
28. gxf4 exf4 29. f3 Qe5 30. Rg1 Rf6 31. Qd4 Qxd4 32. Nxd4 Nxb4 33. Nf5 Rxf5
34. Bxf5 Kf7 35. Be4 Na6 36. Rg4 Nc5 37. Rxf4+ Ke7 38. Bg6 1-0

[Event "SV Mülheim-Nord 2 - SV Wattenscheid 2"]
[Site "Oberliga NRW 2012/2013"]
[Date "2013.02.17"]
[Round "6.4"]
[White "Bus, Tom"]
[Black "Straeter, Timo"]
[Result "0-1"]
[WhiteElo "2102"]
[BlackElo "2350"]
[PlyCount "84"]
[EventDate "2013.??.??"]
[WhiteTeam "SV Mülheim-Nord 2"]
[BlackTeam "SV Wattenscheid 2"]

1. c4 e6 2. g3 d5 3. Bg2 Nf6 4. Nf3 Be7 5. O-O O-O 6. d4 c6 7. Qc2 Ne4 8. Nbd2
f5 9. b3 Bd7 10. Ne5 Be8 11. Bb2 Nd7 12. Nd3 Bd6 13. Nf3 Qf6 14. Nfe5 Qe7 15.
Rae1 Rd8 16. f3 Nef6 17. e3 g5 18. Nf2 Qg7 19. e4 Bb4 20. Nxd7 Qxd7 21. Rc1 Bg6
22. Nd3 fxe4 23. fxe4 Qe7 24. c5 Ba5 25. b4 Bc7 26. exd5 exd5 27. Rce1 Qg7 28.
Qd2 Be4 29. Nf2 Bxg2 30. Kxg2 Rf7 31. a4 Rdf8 32. Bc3 Qg6 33. Kg1 h5 34. b5 h4
35. g4 Bf4 36. Qd1 Bc7 37. bxc6 bxc6 38. Re6 Qh7 39. Rfe1 Bg3 40. R1e2 Bxf2+
41. Rxf2 Ne4 42. Rxf7 Qxf7 0-1

[Event "SV Mülheim-Nord 2 - SV Wattenscheid 2"]
[Site "Oberliga NRW 2012/2013"]
[Date "2013.02.17"]
[Round "6.5"]
[White "Franke, Johannes"]
[Black "Wittenberg, Andreas"]
[Result "1/2-1/2"]
[WhiteElo "2309"]
[BlackElo "2107"]
[Annotator "Doe,John"]
[PlyCount "69"]
[EventDate "2013.??.??"]
[WhiteTeam "SV Wattenscheid 2"]
[BlackTeam "SV Mülheim-Nord 2"]

1. e4 e6 2. d3 d5 3. Nd2 Nf6 4. e5 Nfd7 5. f4 c5 6. Ngf3 Be7 7. g3 b6 8. Bg2
Nc6 9. O-O Bb7 10. c4 Nb4 11. Ne1 Nb8 12. a3 N4a6 13. Nc2 O-O 14. Ne3 Nc7 15.
Qg4 f5 16. exf6 Bxf6 17. Qe2 Nc6 18. Nf3 Nd4 19. Nxd4 Bxd4 20. Kh1 Qd6 $11 21.
Ng4 Rae8 22. Be3 e5 23. fxe5 Bxe5 24. Rxf8+ Qxf8 25. Rf1 Qe7 26. Qf2 Bd6 27.
Bf4 Bxf4 28. Qxf4 Ne6 29. Qe5 dxc4 30. dxc4 Bxg2+ 31. Kxg2 Nd4 32. Qd5+ Qe6 33.
Ne3 Qxd5+ 34. Nxd5 Re4 35. Nc3 1/2-1/2

[Event "SV Mülheim-Nord 2 - SV Wattenscheid 2"]
[Site "Oberliga NRW 2012/2013"]
[Date "2013.02.17"]
[Round "6.6"]
[White "Winkels, Marcel"]
[Black "Thiel, Thomas"]
[Result "0-1"]
[WhiteElo "1981"]
[BlackElo "2273"]
[PlyCount "76"]
[EventDate "2013.??.??"]
[WhiteTeam "SV Mülheim-Nord 2"]
[BlackTeam "SV Wattenscheid 2"]

1. e4 c5 2. Nc3 Nc6 3. f4 g6 4. Nf3 Bg7 5. Bb5 Nd4 6. O-O a6 7. Bd3 e6 8. Nxd4
cxd4 9. Ne2 Ne7 10. c3 Nc6 11. b3 b5 12. Bb2 Qb6 13. Kh1 Bb7 14. Qe1 O-O-O 15.
cxd4 f5 16. Rc1 Kb8 17. e5 d6 18. Bb1 dxe5 19. dxe5 h6 20. d4 g5 21. Qf2 Ne7
22. Rcd1 Nd5 23. Bc1 Rdg8 24. Rg1 Bf8 25. Rd3 Be7 26. Nc3 gxf4 27. Nxd5 Bxd5
28. Bxf4 Bg5 29. Rg3 Bxf4 30. Qxf4 Rxg3 31. hxg3 Rg8 32. Rd1 Rg4 33. Qxh6 Rxd4
34. Qf8+ Ka7 35. Qe7+ Bb7 36. Rg1 Rd8 37. Qg7 Qc7 38. Qh6 Qxe5 0-1

[Event "SV Mülheim-Nord 2 - SV Wattenscheid 2"]
[Site "Oberliga NRW 2012/2013"]
[Date "2013.02.17"]
[Round "6.7"]
[White "Bartel, Mario"]
[Black "Krueger, Andre"]
[Result "0-1"]
[WhiteElo "2005"]
[BlackElo "2108"]
[PlyCount "44"]
[EventDate "2013.??.??"]
[WhiteTeam "SV Wattenscheid 2"]
[BlackTeam "SV Mülheim-Nord 2"]

1. e4 c5 2. Nf3 e6 3. d4 cxd4 4. Nxd4 Nf6 5. Nc3 Nc6 6. Be3 Bb4 7. Bd3 d5 8.
Nxc6 bxc6 9. Bd2 Bxc3 10. Bxc3 dxe4 11. Bxf6 Qxf6 12. Bxe4 O-O 13. c3 Ba6 14.
Qf3 Qg5 15. h4 Qa5 16. h5 Rfd8 17. h6 f5 18. Qg3 g6 19. Bf3 Rab8 20. Qf4 Rxb2
21. Qe3 Qxa2 22. Bd1 Rxd1+ 0-1

[Event "SV Mülheim-Nord 2 - SV Wattenscheid 2"]
[Site "Oberliga NRW 2012/2013"]
[Date "2013.02.17"]
[Round "6.8"]
[White "Zhang, Fan"]
[Black "Klueting, Reiner"]
[Result "0-1"]
[WhiteElo "2002"]
[BlackElo "1879"]
[Annotator "Doe,John"]
[PlyCount "116"]
[EventDate "2013.??.??"]
[WhiteTeam "SV Mülheim-Nord 2"]
[BlackTeam "SV Wattenscheid 2"]

1. d4 Nf6 2. Nf3 d5 3. c4 c6 4. cxd5 cxd5 5. Nc3 Nc6 6. Bf4 Nh5 7. Bg5 h6 8.
Bh4 g5 9. Bg3 Nxg3 10. hxg3 Bg7 11. e3 e6 12. Rc1 a6 13. Bd3 Bd7 14. Qe2 Qe7
15. a3 b5 16. b4 Rc8 17. O-O h5 $11 18. Nd2 h4 19. g4 Qd6 20. Qf3 Ke7 21. Nb3
Rcf8 22. Nc5 Bc8 23. Rfd1 f5 24. gxf5 h3 25. gxh3 Rh4 26. Kg2 g4 27. Qg3 Qxg3+
28. fxg3 Rxh3 29. fxe6 Rf3 30. Ne2 Rxe3 31. Rh1 Nxd4 32. Rxh3 gxh3+ 33. Kf2
Nxe2 34. Bxe2 Rxa3 35. Bg4 Bd4+ 36. Ke2 Rxg3 37. Bf3 h2 38. Rh1 Bg1 39. Bxd5
Rg5 40. Ba8 Re5+ 41. Kd3 Re3+ 42. Kd2 Bxe6 43. Rxh2 Bxh2 44. Kxe3 Bg1+ 45. Ke4
Bxc5 46. bxc5 a5 47. Bc6 a4 48. Kd4 a3 49. Kc3 b4+ 50. Kc2 Kf6 51. Ba4 Ke5 52.
c6 Kd6 53. Kb1 Bd5 54. Kc2 Bxc6 55. Bb3 Be4+ 56. Kc1 Kc5 57. Ba2 Bd5 58. Bb1 a2
0-1

[Event "SG Porz 2 - SF Katernberg 2"]
[Site "Oberliga NRW 2012/2013"]
[Date "2013.02.17"]
[Round "6.1"]
[White "Kotainy, Jens"]
[Black "Gallinnis, Norbert"]
[Result "0-1"]
[WhiteElo "2406"]
[BlackElo "2278"]
[PlyCount "136"]
[EventDate "2013.??.??"]
[WhiteTeam "SF Katernberg 2"]
[BlackTeam "SG Porz 2"]

1. d4 Nf6 2. c4 c5 3. d5 Ne4 4. Nd2 Qa5 5. e3 Nf6 6. Ngf3 g6 7. a3 d6 8. b4 Qc7
9. Bb2 Bg7 10. Bd3 O-O 11. O-O e5 12. Qc2 Nbd7 13. h3 Ne8 14. b5 f5 15. e4 f4
16. a4 Bf6 17. a5 Qd8 18. Nb1 h5 19. Nc3 Rf7 20. Qe2 Qe7 21. Bc2 Rh7 22. Rfd1
g5 23. Nd2 Qg7 24. g4 Qh8 25. Qf3 Be7 26. Qg2 Ndf6 27. a6 bxa6 28. f3 hxg4 29.
hxg4 Rh4 30. Nf1 Nxg4 31. Rd3 Nh6 32. Bd1 Bh3 33. Qf2 g4 34. Bc1 Bxf1 35. Qxf1
g3 36. Qg2 Rh2 37. Rd2 Rxg2+ 38. Rxg2 axb5 39. cxb5 Nc7 40. Ra5 Bd8 41. Ne2 Ne8
42. Ra2 Bb6 43. Nxg3 fxg3 44. Rxg3+ Ng7 45. Rh2 Nf7 46. Rxh8+ Kxh8 47. Kg2 Kh7
48. f4 exf4 49. Bxf4 Re8 50. Be2 Ne5 51. Bd1 Re7 52. Rh3+ Kg8 53. Rc3 Ne8 54.
Rg3+ Rg7 55. Kf1 Rxg3 56. Bxg3 Kf7 57. Ke1 Ba5+ 58. Kf2 Bc3 59. Ke2 Nc7 60. Ba4
Na8 61. Bf4 Nb6 62. Bb3 Ke7 63. Be3 Kd7 64. Bg5 Kc7 65. Kd1 Nc8 66. Kc2 Bd4 67.
Ba4 c4 68. Kb1 Kb6 0-1

[Event "SG Porz 2 - SF Katernberg 2"]
[Site "Oberliga NRW 2012/2013"]
[Date "2013.02.17"]
[Round "6.2"]
[White "Peschlow, Patrick"]
[Black "Rosen, Bernd"]
[Result "1-0"]
[WhiteElo "2280"]
[BlackElo "2255"]
[PlyCount "99"]
[EventDate "2013.??.??"]
[WhiteTeam "SG Porz 2"]
[BlackTeam "SF Katernberg 2"]

1. e4 e6 2. d4 d5 3. Nc3 Nf6 4. e5 Nfd7 5. f4 c5 6. Nf3 Nc6 7. Be3 Rb8 8. Qd2
Qa5 9. Be2 b5 10. O-O b4 11. Nd1 Ba6 12. Bxa6 Qxa6 13. Nf2 cxd4 14. Nxd4 Bc5
15. a3 Qb6 16. c3 bxc3 17. bxc3 O-O 18. Nd3 Nxd4 19. Nxc5 Nxc5 20. Bxd4 Qa5 21.
Qe3 Ne4 22. f5 exf5 23. Rxf5 Rbc8 24. e6 fxe6 25. Re5 Qa6 26. Qh3 Rc6 27. Qg4
Nf6 28. Qg5 Qd3 29. Rae1 h6 30. Qh4 Rxc3 31. R5e3 Qxe3+ 32. Rxe3 Rc1+ 33. Re1
Rc4 34. Qf2 Ne4 35. Qb2 Rfc8 36. Bxg7 Rc2 37. Qa1 Kh7 38. Be5 Rg8 39. Bg3 Nc3
40. Bf2 Rb8 41. Bd4 Rg8 42. g3 Ne4 43. Qb1 Rgc8 44. Qb5 R8c7 45. Qe8 Ng5 46.
Rf1 Rc1 47. Qh8+ Kg6 48. Qg8+ Kh5 49. Qe8+ Kg4 50. Qg6 1-0

[Event "SG Porz 2 - SF Katernberg 2"]
[Site "Oberliga NRW 2012/2013"]
[Date "2013.02.17"]
[Round "6.4"]
[White "Konings, Leon"]
[Black "Rosen, Willy"]
[Result "0-1"]
[WhiteElo "2114"]
[BlackElo "2199"]
[PlyCount "120"]
[EventDate "2013.??.??"]
[WhiteTeam "SG Porz 2"]
[BlackTeam "SF Katernberg 2"]

1. d4 Nf6 2. c4 e6 3. Nc3 Bb4 4. e3 Bxc3+ 5. bxc3 d6 6. g4 e5 7. g5 Nfd7 8. h4
Nc6 9. Bd3 Qe7 10. Qc2 exd4 11. cxd4 Nxd4 12. Qc3 c5 13. f4 Nb6 14. Ne2 Nxe2
15. Qxg7 Nxc1 16. Qxh8+ Kd7 17. Kd2 Nxd3 18. Kxd3 Kc7 19. Qxh7 Bg4 20. e4 Re8
21. Rhe1 Qd7 22. Qg7 Qe6 23. Rac1 Bf3 24. Qh7 Re7 25. Qf5 Nd7 26. Qxe6 Rxe6 27.
Re3 Bh5 28. Rg3 Nf8 29. Rf1 Ng6 30. Re3 Re8 31. f5 Ne5+ 32. Kc3 Rh8 33. Rg1 Kc6
34. Reg3 Be2 35. g6 fxg6 36. fxg6 Bxc4 37. g7 Rxh4 38. g8=Q Bxg8 39. Rxg8 Rxe4
40. R1g7 Re3+ 41. Kc2 b5 42. Rxa7 b4 43. Ra6+ Kd5 44. Rg2 c4 45. Rh2 Rc3+ 46.
Kd1 Rd3+ 47. Ke2 Nf3 48. Rh6 Nd4+ 49. Kf2 Nf5 50. Ra5+ Ke4 51. Re6+ Kf4 52. Rf6
d5 53. Ra4 Rd2+ 54. Ke1 Rb2 55. Rf8 Ke3 56. Kd1 Nd4 57. Kc1 c3 58. Rc8 Ne2+ 59.
Kd1 c2+ 60. Rxc2 Rb1+ 0-1

[Event "SG Porz 2 - SF Katernberg 2"]
[Site "Oberliga NRW 2012/2013"]
[Date "2013.02.17"]
[Round "6.6"]
[White "Pauly, Carlo"]
[Black "Wessendorf, Thomas"]
[Result "1-0"]
[WhiteElo "2085"]
[BlackElo "2206"]
[PlyCount "55"]
[EventDate "2013.??.??"]
[WhiteTeam "SG Porz 2"]
[BlackTeam "SF Katernberg 2"]

1. d4 g6 2. c4 Bg7 3. Nc3 c5 4. d5 Bxc3+ 5. bxc3 f5 6. e4 fxe4 7. f3 e5 8. dxe6
Nc6 9. Qc2 Nf6 10. fxe4 Qe7 11. Nf3 d6 12. Bd3 Bxe6 13. O-O O-O-O 14. Bf4 Bg4
15. e5 dxe5 16. Bg5 Qe6 17. Nd2 Rhf8 18. Ne4 Bf5 19. Nxc5 Bxd3 20. Nxe6 Bxc2
21. Bxf6 Rxf6 22. Rxf6 Re8 23. Ng5 h6 24. Nf7 Kd7 25. Nxh6 e4 26. Ng4 e3 27.
Rf3 e2 28. Nf6+ 1-0

[Event "SG Porz 2 - SF Katernberg 2"]
[Site "Oberliga NRW 2012/2013"]
[Date "2013.02.17"]
[Round "6.7"]
[White "Imcke, Patrick"]
[Black "Kloke, Stephan"]
[Result "1-0"]
[WhiteElo "1998"]
[BlackElo "1992"]
[PlyCount "51"]
[EventDate "2013.??.??"]
[WhiteTeam "SF Katernberg 2"]
[BlackTeam "SG Porz 2"]

1. e4 d5 2. exd5 Nf6 3. Bb5+ Nbd7 4. Nc3 g6 5. Nf3 Bg7 6. O-O O-O 7. Bc4 Nb6 8.
Bb3 Nbxd5 9. Nxd5 Nxd5 10. d4 b5 11. Qe2 Nb6 12. Re1 Bg4 13. c3 Bxf3 14. gxf3
b4 15. Qxe7 a5 16. Qxd8 Raxd8 17. Bg5 Rc8 18. a4 bxc3 19. bxc3 c6 20. Rab1 Nd5
21. Bd2 Rfd8 22. Ba2 Rb8 23. Kf1 Bf6 24. Ke2 Re8+ 25. Kd3 Rxe1 26. Rxb8+ 1-0

[Event "SG Porz 2 - SF Katernberg 2"]
[Site "Oberliga NRW 2012/2013"]
[Date "2013.02.17"]
[Round "6.8"]
[White "Thiemonds, Uli"]
[Black "Stratmann, Holger"]
[Result "1-0"]
[WhiteElo "2064"]
[BlackElo "1993"]
[PlyCount "109"]
[EventDate "2013.??.??"]
[WhiteTeam "SG Porz 2"]
[BlackTeam "SF Katernberg 2"]

1. e4 c5 2. c3 d5 3. exd5 Qxd5 4. d4 Nf6 5. Nf3 Bg4 6. Be2 e6 7. Na3 Be7 8. O-O
O-O 9. Nc2 Nc6 10. Ne3 Qd6 11. Nxg4 Nxg4 12. h3 Nf6 13. Be3 cxd4 14. Nxd4 Nd5
15. Nxc6 Qxc6 16. Bd4 Rfd8 17. Qb3 e5 18. Bxe5 Qe6 19. Bf3 Qxe5 20. Rae1 Qg5
21. Bxd5 Qxd5 22. Qxd5 Rxd5 23. Rxe7 b6 24. Rfe1 g6 25. Rb7 Rd2 26. Ree7 Rf8
27. Rxa7 Rxb2 28. g3 h5 29. h4 b5 30. Kg2 Rc2 31. Rec7 Kg7 32. a4 bxa4 33. Rxa4
Kf6 34. Ra6+ Kg7 35. Raa7 Kf6 36. c4 Ke5 37. Re7+ Kd4 38. Rxf7 Re8 39. Rf4+ Kc5
40. Ra6 Rxc4 41. Rxc4+ Kxc4 42. Rxg6 Kd4 43. Rg5 Rh8 44. f4 Ke4 45. Re5+ Kd4
46. Kf3 Rh7 47. Re8 Kd5 48. Ra8 Ke6 49. Ra6+ Kf5 50. Ra5+ Kg6 51. f5+ Kf6 52.
Kf4 Rb7 53. Ra6+ Kg7 54. Kg5 Rb3 55. Rg6+ 1-0

[Event "PSV Duisburg 1 - SC Hansa Dortmund 2"]
[Site "Oberliga NRW 2012/2013"]
[Date "2013.02.17"]
[Round "6.1"]
[White "Karger, Frank"]
[Black "Fleck, Juergen"]
[Result "1/2-1/2"]
[WhiteElo "2233"]
[BlackElo "2339"]
[Annotator "Doe,John"]
[PlyCount "91"]
[EventDate "2013.??.??"]
[WhiteTeam "SC Hansa Dortmund 2"]
[BlackTeam "PSV Duisburg 1"]

1. d4 d5 2. c4 c6 3. Nf3 Nf6 4. Qc2 dxc4 5. Qxc4 Bg4 6. Nc3 Nbd7 7. e4 Bxf3 8.
gxf3 e5 9. Be3 Bd6 10. O-O-O Qe7 11. h4 O-O 12. Ne2 Rfd8 13. Ng3 g6 14. Qc2 b5
15. dxe5 Nxe5 16. Be2 Qe6 $11 17. Kb1 Be7 18. h5 Rxd1+ 19. Rxd1 Nxh5 20. Nxh5
gxh5 21. Rg1+ Kh8 22. f4 Ng4 23. Bd4+ f6 24. f3 c5 25. Bc3 Ne3 26. Qc1 Nd5 27.
exd5 Qxe2 28. Re1 Qd3+ 29. Qc2 Qxc2+ 30. Kxc2 Bd8 31. Re8+ Kg7 32. d6 h4 33.
Be1 h3 34. Bg3 f5 35. d7 Kf7 36. b3 h5 37. Kd3 h4 38. Bh2 a6 39. Ke2 c4 40.
bxc4 bxc4 41. Kd1 Rb8 42. Kc2 Ra8 43. Bg1 Rb8 44. Bh2 Ra8 45. Bg1 Rb8 46. Bh2
1/2-1/2

[Event "PSV Duisburg 1 - SC Hansa Dortmund 2"]
[Site "Oberliga NRW 2012/2013"]
[Date "2013.02.17"]
[Round "6.2"]
[White "Wengenroth, Walter"]
[Black "Rumpf, Thomas"]
[Result "1-0"]
[WhiteElo "2233"]
[BlackElo "2085"]
[PlyCount "45"]
[EventDate "2013.??.??"]
[WhiteTeam "PSV Duisburg 1"]
[BlackTeam "SC Hansa Dortmund 2"]

1. e4 e5 2. Nf3 Nc6 3. d4 exd4 4. Nxd4 Bb4+ 5. c3 Bc5 6. Nxc6 bxc6 7. Bd3 Qh4
8. Qe2 Ne7 9. h3 O-O 10. g3 Qf6 11. Nd2 d5 12. e5 Qe6 13. Nb3 Bb6 14. Nd4 Qd7
15. Bg5 Bb7 16. O-O-O Rae8 17. Qh5 g6 18. Qh6 f5 19. exf6 Nc8 20. h4 c5 21. h5
gxh5 22. Bf5 Qf7 23. Rxh5 1-0

[Event "PSV Duisburg 1 - SC Hansa Dortmund 2"]
[Site "Oberliga NRW 2012/2013"]
[Date "2013.02.17"]
[Round "6.3"]
[White "Babar, Michael"]
[Black "Kistella, Roman"]
[Result "1/2-1/2"]
[WhiteElo "2141"]
[BlackElo "2253"]
[PlyCount "92"]
[EventDate "2013.??.??"]
[WhiteTeam "SC Hansa Dortmund 2"]
[BlackTeam "PSV Duisburg 1"]

1. e4 c5 2. Nf3 d6 3. Bb5+ Bd7 4. Bxd7+ Qxd7 5. c4 Nf6 6. Nc3 e6 7. O-O Be7 8.
d4 cxd4 9. Nxd4 a6 10. Be3 Qc7 11. Qe2 O-O 12. Rac1 Nbd7 13. b3 b6 14. Rfd1
Rfe8 15. f3 Qb7 16. Bf2 Bf8 17. Qd2 h6 18. Rc2 Rad8 19. Qc1 Ne5 20. Rcd2 Rc8
21. Qb2 Rc7 22. a4 Ng6 23. Nde2 Rd7 24. Qb1 Red8 25. Qc2 Qc7 26. Qb1 Be7 27.
Be3 d5 28. exd5 Bc5 29. Bxc5 Qxc5+ 30. Kh1 exd5 31. cxd5 Nxd5 32. Ne4 Qc7 33.
Qa1 f5 34. N4g3 Ne3 35. Rxd7 Rxd7 36. Rxd7 Qxd7 37. Qd4 Qxd4 38. Nxd4 Nh4 39.
Nge2 Nexg2 40. Nxf5 Nxf5 41. Kxg2 Kf7 42. Nf4 b5 43. axb5 axb5 44. Nd5 Nd4 45.
b4 Ke6 46. Nc3 Ke5 1/2-1/2

[Event "PSV Duisburg 1 - SC Hansa Dortmund 2"]
[Site "Oberliga NRW 2012/2013"]
[Date "2013.02.17"]
[Round "6.4"]
[White "Schiffer, Kai-Uwe"]
[Black "Rempel, Eugen"]
[Result "0-1"]
[WhiteElo "2232"]
[BlackElo "2119"]
[PlyCount "46"]
[EventDate "2013.??.??"]
[WhiteTeam "PSV Duisburg 1"]
[BlackTeam "SC Hansa Dortmund 2"]

1. e4 e5 2. Nf3 Nc6 3. Bc4 Bc5 4. c3 Nf6 5. d3 d6 6. Bb3 a6 7. h3 h6 8. Nbd2
Ba7 9. Nf1 Be6 10. Ng3 d5 11. exd5 Bxd5 12. O-O O-O 13. Bc2 Re8 14. Re1 Qd7 15.
Nh4 Rad8 16. Nhf5 Ne7 17. Rxe5 Nxf5 18. Rxf5 Be4 19. Rxf6 gxf6 20. Nxe4 Rxe4
21. Bxh6 Rh4 22. Qd2 Qf5 23. Re1 Rxh6 0-1

[Event "PSV Duisburg 1 - SC Hansa Dortmund 2"]
[Site "Oberliga NRW 2012/2013"]
[Date "2013.02.17"]
[Round "6.5"]
[White "Linker, Walter"]
[Black "Heisel, Guido"]
[Result "1-0"]
[WhiteElo "2026"]
[BlackElo "2161"]
[PlyCount "75"]
[EventDate "2013.??.??"]
[WhiteTeam "SC Hansa Dortmund 2"]
[BlackTeam "PSV Duisburg 1"]

1. b3 d5 2. Bb2 c5 3. e3 Nc6 4. Bb5 Nf6 5. f4 g6 6. Nf3 Bg7 7. O-O O-O 8. Bxc6
bxc6 9. d3 Qb6 10. c4 a5 11. Nc3 a4 12. Ne5 a3 13. Bc1 Ng4 14. Na4 Qc7 15. d4
Nxe5 16. dxe5 dxc4 17. Bxa3 cxb3 18. axb3 c4 19. bxc4 Rd8 20. Qc2 Bf5 21. e4
Bxe4 22. Qxe4 Rxa4 23. Bc5 Rda8 24. Rxa4 Rxa4 25. Rd1 h5 26. h3 Kh7 27. Qc2 Ra8
28. Qd3 Qa5 29. Bf2 Bf8 30. Qe4 Ra6 31. g4 hxg4 32. hxg4 Qc3 33. Kg2 Ra3 34.
Rh1+ Kg8 35. f5 Qd3 36. Qf4 Rc3 37. e6 fxe6 38. fxe6 1-0

[Event "PSV Duisburg 1 - SC Hansa Dortmund 2"]
[Site "Oberliga NRW 2012/2013"]
[Date "2013.02.17"]
[Round "6.6"]
[White "Montignies, Rainer"]
[Black "Prüske, Wolfgang"]
[Result "1-0"]
[WhiteElo "2251"]
[BlackElo "1998"]
[PlyCount "77"]
[EventDate "2013.??.??"]
[WhiteTeam "PSV Duisburg 1"]
[BlackTeam "SC Hansa Dortmund 2"]

1. Nf3 Nf6 2. g3 g6 3. b3 c5 4. c4 d6 5. d4 cxd4 6. Nxd4 Nc6 7. Bb2 Bg7 8. Bg2
Bd7 9. O-O O-O 10. Nc2 Qc8 11. Nc3 Bh3 12. Ne3 Bxg2 13. Kxg2 Ng4 14. Ned5 e6
15. Nf4 Nd4 16. e3 Qc6+ 17. Ncd5 Nxe3+ 18. fxe3 Nf5 19. Bxg7 Nxg7 20. Qf3 exd5
21. Nxd5 Kh8 22. Rad1 Rae8 23. Nf6 Nf5 24. Qxc6 Nxe3+ 25. Kf2 Nxd1+ 26. Rxd1
bxc6 27. Nxe8 Rxe8 28. Rxd6 Re6 29. Rxe6 fxe6 30. b4 Kg7 31. Ke3 Kf6 32. Ke4 e5
33. a4 Ke6 34. g4 h5 35. g5 Kd6 36. c5+ Ke6 37. b5 h4 38. h3 cxb5 39. axb5 1-0

[Event "PSV Duisburg 1 - SC Hansa Dortmund 2"]
[Site "Oberliga NRW 2012/2013"]
[Date "2013.02.17"]
[Round "6.7"]
[White "Kloster, Josef"]
[Black "Maslak, Sulejman"]
[Result "0-1"]
[WhiteElo "2028"]
[BlackElo "2226"]
[PlyCount "78"]
[EventDate "2013.??.??"]
[WhiteTeam "SC Hansa Dortmund 2"]
[BlackTeam "PSV Duisburg 1"]

1. d4 d5 2. Nf3 e6 3. c4 c6 4. Nc3 dxc4 5. a4 Bb4 6. e3 b5 7. Bd2 Qb6 8. Be2
Nf6 9. O-O O-O 10. Qc2 a5 11. Rad1 Nbd7 12. e4 Bxc3 13. bxc3 h6 14. Rb1 Qa6 15.
Nh4 Nb6 16. e5 Nfd5 17. axb5 cxb5 18. f4 f5 19. exf6 Rxf6 20. f5 exf5 21. Nxf5
Bxf5 22. Rxf5 Raf8 23. Rbf1 Qc8 24. Bg4 Qe8 25. h3 Rxf5 26. Rxf5 Rxf5 27. Qxf5
b4 28. Bf3 Qf7 29. Bxd5 Qxd5 30. Qg6 Nd7 31. Bxh6 Qf7 32. Qg3 b3 33. Bc1 Nf6
34. Qb8+ Kh7 35. Ba3 Ne4 36. Qe5 Nxc3 37. Kh2 Nd5 38. Bc1 Qc7 39. Bf4 Qxe5 0-1

[Event "PSV Duisburg 1 - SC Hansa Dortmund 2"]
[Site "Oberliga NRW 2012/2013"]
[Date "2013.02.17"]
[Round "6.8"]
[White "Kleff, Andre"]
[Black "Burchert, Wolfgang"]
[Result "1/2-1/2"]
[WhiteElo "2108"]
[BlackElo "2065"]
[PlyCount "99"]
[EventDate "2013.??.??"]
[WhiteTeam "PSV Duisburg 1"]
[BlackTeam "SC Hansa Dortmund 2"]

1. d4 Nf6 2. Nf3 d5 3. e3 c5 4. c3 e6 5. Bd3 Nc6 6. Nbd2 Be7 7. O-O O-O 8. Qe2
b6 9. dxc5 bxc5 10. e4 Bb7 11. a3 a5 12. Re1 Qb6 13. c4 d4 14. e5 Nd7 15. Nf1
Rfe8 16. Bf4 Rab8 17. Rab1 Nf8 18. h4 Rbd8 19. h5 f5 20. exf6 Bxf6 21. Ng3 e5
22. Bd2 Rd7 23. Ne4 Kh8 24. Nh2 Nd8 25. Ng4 Rde7 26. b4 axb4 27. axb4 Bxe4 28.
Qxe4 Qc6 29. bxc5 Qxe4 30. Bxe4 Rc7 31. Bd5 Rxc5 32. Bb4 Rc8 33. Bxf8 Rxf8 34.
Nxe5 Bxe5 35. Rxe5 Nf7 36. Re7 Nd6 37. h6 gxh6 38. Rd1 Nxc4 39. Rxd4 Nb6 40.
Be4 Rf6 41. Rxh7+ Kg8 42. Rb7 Re8 43. f3 Kf8 44. Rb4 Ree6 45. Rh7 Kg8 46. Rc7
Kf8 47. g4 Re7 48. Rc2 Kg7 49. Kg2 Rd6 50. Rb5 1/2-1/2

[Event "Düsseldorfer SK 1 - SV Erkenschwick 1"]
[Site "Oberliga NRW 2012/2013"]
[Date "2013.02.17"]
[Round "6.1"]
[White "Bitalzadeh, Ali"]
[Black "Stark, Lars"]
[Result "1/2-1/2"]
[WhiteElo "2391"]
[BlackElo "2420"]
[Annotator "Doe,John"]
[PlyCount "141"]
[EventDate "2013.??.??"]
[WhiteTeam "SV Erkenschwick 1"]
[BlackTeam "Düsseldorfer SK 1"]

1. c4 Nf6 2. g3 e5 3. Bg2 c6 4. Nc3 Bb4 5. Nf3 Qe7 6. O-O O-O 7. d3 h6 8. e4
Rd8 9. Nh4 d5 10. cxd5 Bxc3 11. bxc3 cxd5 12. exd5 Nxd5 13. Qb3 Be6 14. c4 Nb6
15. a4 Na6 16. a5 Nc5 17. Qb4 Nbd7 18. a6 b6 19. Bxa8 Rxa8 20. Bb2 Re8 21. Qc3
Qd6 22. Rfd1 Qc6 23. Qc2 Bg4 24. Re1 Ne6 25. Qa4 Qxa4 26. Rxa4 Ndc5 27. Ra3 Rd8
28. f3 Bh3 29. Re3 g5 30. Ng2 Bxg2 31. Kxg2 f6 32. Kf2 Kf7 $11 33. Ke2 h5 34.
Kd2 h4 35. Bxe5 fxe5 36. Rxe5 Kf6 37. Rd5 hxg3 38. hxg3 Rxd5 39. cxd5 Nd4 40.
Ra2 Ke5 41. Ke3 Nf5+ 42. Kf2 Nxd3+ 43. Kg2 Ne3+ 44. Kg1 Nb4 45. Rh2 Nexd5 46.
Rh7 Nxa6 47. Rxa7 Nc5 48. Ra8 b5 49. Rb8 b4 50. f4+ gxf4 51. gxf4+ Ke4 52. f5
Nd7 53. Rxb4+ Nxb4 54. f6 Kf3 55. f7 Nd3 56. Kf1 Nf8 57. Kg1 Ne1 58. Kf1 Ng2
59. Kg1 Ne3 60. Kh2 Kg4 61. Kg1 Kg3 62. Kh1 Nf1 63. Kg1 Nd2 64. Kh1 Nf1 65. Kg1
Ne3 66. Kh1 Kf2 67. Kh2 Ng4+ 68. Kh3 Kf3 69. Kh4 Kf4 70. Kh3 Ne5 71. Kg2
1/2-1/2

[Event "Düsseldorfer SK 1 - SV Erkenschwick 1"]
[Site "Oberliga NRW 2012/2013"]
[Date "2013.02.17"]
[Round "6.2"]
[White "Schuh, Dirk"]
[Black "Erwich, Marc"]
[Result "1/2-1/2"]
[WhiteElo "2368"]
[BlackElo "2346"]
[PlyCount "131"]
[EventDate "2013.??.??"]
[WhiteTeam "Düsseldorfer SK 1"]
[BlackTeam "SV Erkenschwick 1"]

1. e4 e5 2. Nf3 Nc6 3. Nc3 Nf6 4. d4 exd4 5. Nxd4 Bb4 6. Nxc6 bxc6 7. Bd3 d5 8.
exd5 cxd5 9. Qe2+ Qe7 10. Qxe7+ Kxe7 11. O-O c6 12. Na4 Be6 13. Be3 Nd7 14. a3
Bd6 15. b4 a5 16. c3 Rhc8 17. Rfe1 axb4 18. axb4 Rcb8 19. h4 g6 20. h5 gxh5 21.
Bxh7 Kd8 22. Bc2 Kc7 23. Bd4 Bf4 24. Ra3 h4 25. Rea1 Rg8 26. Kh1 Rg5 27. Nc5
Rxa3 28. Rxa3 Nxc5 29. bxc5 Be5 30. f3 Bc8 31. Ra7+ Bb7 32. Bd3 Kb8 33. Ra4 Bg3
34. Bf6 Rg8 35. f4 Re8 36. Be5+ Rxe5 37. fxe5 Bc8 38. c4 d4 39. Be4 Bb7 40. Ra1
Bxe5 41. Rf1 f6 42. Rf5 Bc8 43. Rh5 Bg4 44. Rh8+ Kb7 45. Rh7+ Ka6 46. Bxc6 d3
47. Bf3 Bxf3 48. gxf3 d2 49. Rd7 Bf4 50. Kg2 Ka5 51. c6 Kb6 52. c7 Kb7 53. c5
Kc8 54. c6 f5 55. Kf2 h3 56. Ke2 h2 57. Rh7 Be3 58. Rxh2 Kxc7 59. Rh1 f4 60.
Rh6 Kb6 61. Kd1 Kc7 62. Kc2 Kb6 63. Rg6 Kc7 64. Rh6 Kb6 65. Rg6 Kc7 66. Rf6
1/2-1/2